000 00399nam a2200145Ia 4500
005 20260328104333.0
008 260328s9999||||xx |||||||||||||| ||und||
100 _aYory, Carlos Mario
245 0 _aRenovación Urbana, Globalización y Patrimonio /
_cCarlos Mario Yory
250 _a1a ed.
260 _bUniversidad Católica de Colombia
300 _a252 p.
650 _aURBANISMO
942 _cBK
999 _c11800
_d11800